000 00683nam a2200205Ia 4500
003 GCL
008 140319s9999 xx 000 0 ara d
040 _aGCL /
_cGCL
082 0 4 _a189.9
_bم ف
100 1 _aمحمد ابراهيم نقد
245 1 0 _aفى حوار حول النزاعات المادية فى الفلسفة العربية الاسلامية /
_cمحمد ابراهيم نقد
260 _a[S.N] :
_bدار الفارابى ،
_c1992
300 _a108 ص
490 _a
650 0 4 _aالفلسفة الاسلامية
650 0 4 _aالفلسفة
650 0 4 _aالتصوف الاسلامى
650 0 4 _aالفلسفة العربية
942 _2ddc
_cBK
999 _c28290
_d28290